| 000 | 00517nam a2200181Ia 4500 | ||
|---|---|---|---|
| 999 |
_c7577 _d7577 |
||
| 003 | OSt | ||
| 005 | 20201116095306.0 | ||
| 008 | 190216s9999||||xx |||||||||||||| ||und|| | ||
| 020 | _a0333929195 | ||
| 020 | _a9780333929193 | ||
| 040 | _coclc | ||
| 082 |
_a651.7 _bMOH/D |
||
| 100 |
_aMohan, Krishna _91477 |
||
| 245 | 0 |
_aDeveloping Communication Skills / _cKrishna Mohan; Meera Banerji |
|
| 260 |
_bMacmillan, _aDelhi: _c1990. |
||
| 300 | _a295p | ||
| 942 |
_cBK _2ddc _h651.7 _iMOH/D _k651.7 _mMOH/D |
||